000 00831nam a2200205Ii 4500
003 JO-AjNU
008 230605s9999||||xx |||||||||||||| ||und||
040 _aJO-AjNU
_bara
_erda
_cJO-AjNU
041 _aara
050 1 4 _aHV 9067.A446 1996
100 3 _aجعفر، علي محمد,
_eauthor
_914706
245 0 0 _aالاحداث المنحرفون: دراسة مقارنة عوامل الانحراف، المسؤولية الجزائية ، التدابير
250 _aط3
264 3 1 _aبيروت: المؤسسة الجامعية للدراسات والنشر والتوزيع، 1996
300 _a374ص
_bيحتوي على ببلوغرافية من 360-374ص
336 _atext
_btxt
_2rdacontent
337 _aunmediated
_bn
_2rdamedia
338 _avolume
_bnc
_2rdacarrier
650 4 _aالاحداث - انحراف
_914707
999 _aA3985
_c7553
_d7553